=LDR 00000nam 2200000 4500 =001 INLIS000000000028503 =005 20130612130813 =008 ***********************************Ind** =035 ##$$0010-061300000028503 =041 ##$$a Ind =082 ##$$a 510 =090 ##$$a 510, Tob m =100 ##$$a Tobing, IAL =245 ##$$a Matematika taman kanak-kanak, IAL. Tobing =260 ##$$a 1981 $b Jakarta =300 ##$$a 84 hlm, ilus, 25 cm =650 ##$$a Matematika - TK =850 ##$$a NBPNMAT